La Seguridad privada en Centro América
Guardado en:
| 企業作者: | |
|---|---|
| 格式: | Texto |
| 出版: |
San José:
Fundación Arias para la Paz y el Progreso Humano
|
| 主題: | |
| 標簽: |
添加標簽
沒有標簽, 成為第一個標記此記錄!
|
MARC
| LEADER | 00000 a a2200000 04500 | ||
|---|---|---|---|
| 001 | 30782 | ||
| 003 | |||
| 040 | |||
| 020 | |a 9977-17-119-X | ||
| 090 | |a 197300 | ||
| 110 | |a Fundación Arias para la Paz y el Progreso Humano | ||
| 245 | |a La Seguridad privada en Centro América | ||
| 260 | |a San José: |b Fundación Arias para la Paz y el Progreso Humano | ||
| 300 | |a 189 p.; 6 vol | ||
| 650 | |a SEGURIDAD | ||
| 650 | |a POLICIA | ||
| 650 | |a EMPRESAS PUBLICAS | ||
| 650 | |a LEGISLACION | ||
| 650 | |a DELINCUENCIA | ||
| 650 | |a CAPACITACION | ||
| 650 | |a GUERRA CIVIL | ||
| 650 | |a EMPRESAS | ||
| 650 | |a SEGURIDAD | ||
| 650 | |a ARMAS | ||
| 650 | |a DELITOS | ||
| 999 | |c 11181 |d 11181 | ||



